Narradores españoles s. XX - Estadísticas

Estadísticas generales
  • Esta prueba ha sido intentada 14 veces
  • La puntuación promedio es 6 de 32
Estadísticas de respuestas
Obras Autor/a % Correcto
La colmena (1950) Camilo José Cela
71%
Nada (1945) Carmen Laforet
64%
Niebla (1914) Miguel de Unamuno
57%
El árbol de la ciencia (1911) Pío Baroja
57%
Los santos inocentes (1981) Miguel Delibes
50%
La saga/fuga de J. B. (1972) Gonzalo Torrente Ballester
29%
Réquiem por un campesino español (1953) Ramón J. Sender
29%
Entre visillos (1957) Carmen Martín Gaite
21%
Memorias de Leticia Valle (1945) Rosa Chacel
21%
Los renglones torcidos de Dios (1979) Torcuato Luca de Tena
21%
El sur (1985) Adelaida García Morales
14%
La voluntad (1902) José Martínez Ruiz "Azorín"
14%
Volverás a Región (1967) Juan Benet
14%
Señas de identidad (1966) Juan Goytisolo
14%
Últimas tardes con Teresa (1966) Juan Marsé
14%
La plaça del Diamant (1962) Mercè Rodoreda
14%
El Jarama (1956) Rafael Sánchez Ferlosio
14%
Primera memoria (1959) Ana María Matute
7%
Julia (1970) Ana María Moix
7%
La forja de un rebelde (1941-46) Arturo Barea
7%
Las hogueras (1964) Concha Alós
7%
Mi hermana Elba (1980) Cristina Fernández Cubas
7%
Celia, lo que dice (1929) Elena Fortún
7%
La enferma (1955) Elena Quiroga
7%
El mismo mar de todos los veranos (1978) Esther Tusquets
7%
Las cerezas del cementerio (1909) Gabriel Miró
7%
El fulgor y la sangre (1954) Ignacio Aldecoa
7%
Historia de una maestra (1990) Josefina Aldecoa
7%
Tea Rooms. Mujeres obreras (1934) Luisa Carnés
7%
Memoria de la melancolía (1970) María Teresa León
7%
El laberinto mágico (1943-1968) Max Aub
7%
La gangrena (1975) Mercedes Salisachs
7%
No se encontraron pruebas coincidentes
Distribución de puntuación
Porcentaje de gente con cada puntuación
Porcentaje por número respondido
Historial de tus puntuaciones
No has intentado esta prueba.